000 00739 a2200205 4500
999 _c8352
_d8352
003 GBCCL
005 20241126110648.0
008 200210b ||||| |||| 00| 0 eng d
020 _a9789386682703
020 _a9386682702
040 _cGBC
082 _a954.1
_bMEG
245 _aMegalithic traditions of North East India/
_cedited by Queenbala Marak.
260 _aNew Delhi :
_bConcept Publishing Company Pvt. Ltd.,
_c2019
300 _axxxix, 262 pages : illustrations (black and white) ;
_b23 cm
650 _aMegalithic monuments -- India, Northeastern.
_914565
650 _aTribes -- Monuments -- India, Northeastern.
_914566
650 _aTribes -- India, Northeastern -- Social life and customs.
_914567
942 _2ddc
_cBK